Pupil control ideology in a multicultural society : Arab and jewish teachers in Israeli elemenary schools (Record no. 75457)
[ view plain ]
| 000 -CABECERA | |
|---|---|
| campo de control de longitud fija | 00715nam a2200241 a 4500 |
| 005 - FECHA Y HORA DE LA ÚLTIMA TRANSACCIÓN | |
| campo de control | 20210219153359.0 |
| 008 - ELEMENTOS DE LONGITUD FIJA--INFORMACIÓN GENERAL | |
| campo de control de longitud fija | 991125n 000 0 u |
| 035 ## - NÚMERO DE CONTROL DEL SISTEMA | |
| Número de control de sistema | UPN01000095361 |
| 100 ## - ASIENTO PRINCIPAL--NOMBRE PERSONAL | |
| Nombre de persona | Saad, Ismael Abu |
| 222 #0 - TÍTULO CLAVE | |
| Título clave | COMPARATIVE EDUCATION REVIEW |
| 245 #0 - MENCIÓN DE TÍTULO | |
| Título | Pupil control ideology in a multicultural society : Arab and jewish teachers in Israeli elemenary schools |
| 300 ## - DESCRIPCIÓN FÍSICA | |
| Extensión | 21-30 |
| 362 ## - FECHAS DE PUBLICACIÓN Y/O DESIGNACIÓN SECUENCIAL | |
| Fecha de publicación y/o designación secuencial | 37, No. 1, 1993 |
| 505 ## - NOTA DE CONTENIDO CON FORMATO PREESTABLECIDO | |
| Nota de contenido con formato | Julio 1993 |
| 653 0# - TERMINO DE INDIZACION - NO CONTROLADO | |
| Término no controlado | ACTITUD DOCENTE |
| 653 0# - TERMINO DE INDIZACION - NO CONTROLADO | |
| Término no controlado | DIFERENCIAS RURAL Y URBANA |
| 653 0# - TERMINO DE INDIZACION - NO CONTROLADO | |
| Término no controlado | DISCIPLINA |
| 653 0# - TERMINO DE INDIZACION - NO CONTROLADO | |
| Término no controlado | ESTILOS DE ENSEÑANZA |
| 653 0# - TERMINO DE INDIZACION - NO CONTROLADO | |
| Término no controlado | INFLUENCIAS CULTURALES |
| 700 ## - ASIENTO SECUNDARIO--NOMBRE DE PERSONAL | |
| Nombre de persona | Hendrix, Vernon L. |
| 904 ## - ELEMENTOS DE DATOS D LOCAL, LDD (RLIN) | |
| a | AC |
| b | 033172 |
| 905 ## - TIPO DE MATERIAL | |
| Tipo de material | Articulo |
No items available.
